Biblioteca

El mundo de las religiones / Ricardo Cerni Bisbal, Ignacio Culleré Calvis, Octavio Fullat Genis, Juan Manuel García de la Mora, Jesús Garcia Tolsá, Benito Garzón Serfaty, Hussain Mones, Miguel Rodés Sadurni, Juan Roger Riviére & José Rovira Tena (Registro nro. 45037)

Detalles MARC
000 -LÍDER
Campo fijo de descripción fija 01457aam a2200289 i 4500
001 - NÚMERO DE CONTROL
Campo de control 18621
003 - IDENTIFICADOR DEL NÚMERO DE CONTROL
Campo de control CO-MdBIC
005 - FECHA Y HORA DE LA ULTIMA TRANSACCIÓN
control field 20211016095614.0
008 - ELEMENTOS DE LONGITUD FIJA -- INFORMACIÓN GENERAL
Campo fijo de descripción fija -- Información general 211016t2000 sp ao||| |||| 00| 0 eng d
020 ## - NÚMERO INTERNACIONAL NORMALIZADO PARA LIBROS
Número Internacional Normalizado del libro 84-7102-394-6
040 ## - FUENTE DE CATALOGACIÓN
Idioma de catalogación spa.
Agencia de catalogación original CO-MdFUSB
Agencia que realiza la transcripción CO-MdFUSB
Agencia que realiza la modificación CO-MdFUSBC
Convenciones de la descripción rda
041 ## - CÓDIGO DE IDIOMA
Código de idioma para texto/pista de sonido o título separado spa
082 04 - NÚMERO DE CLASIFICACIÓN DECIMAL DEWEY
Número de clasificación R 291 C415m
245 10 - TÍTULO
Título del Material El mundo de las religiones / Ricardo Cerni Bisbal, Ignacio Culleré Calvis, Octavio Fullat Genis, Juan Manuel García de la Mora, Jesús Garcia Tolsá, Benito Garzón Serfaty, Hussain Mones, Miguel Rodés Sadurni, Juan Roger Riviére & José Rovira Tena
Mención de responsabilidad, etc. /
260 ## - PUBLICACIÓN, DISTRIBUCIÓN, ETC. (PIE DE IMPRENTA)
Lugar de publicación, distribución, etc. Barcelona, España : Marin
264 #1 - PRODUCCIÓN, PUBLICACIÓN, DISTRIBUCIÓN, MANUFACTURA, Y COPYRIGHT
Lugar de producción, publicación, distribución, manufactura Barcelona, España :
Nombre del productor, publicador, distribuidor Marín,
Fecha de producción, publicación, distribución, manufactura, o copyright [2000]
264 #4 - PRODUCCIÓN, PUBLICACIÓN, DISTRIBUCIÓN, MANUFACTURA, Y COPYRIGHT
Fecha de producción, publicación, distribución, manufactura, o copyright © 2000
300 ## - DESCRIPCIÓN FÍSICA
Extensión Volumen 1, 175 páginas ; Volumen 2, 187 páginas ; Volumen 3, 178 páginas ; Volumen 4, 194 páginas ; Volumen 5, 182 páginas, Volumen 6, 176 páginas
Dimensiones ;
336 ## - TIPO DE CONTENIDO
Fuente rdacontent
Término de tipo de contenido texto
Código de tipo de contenido txt
337 ## - TIPO DE MEDIO
Fuente rdamedia
Nombre del tipo de medio sin mediación
Código del tipo de medio n
338 ## - TIPO DE SOPORTE
Fuente rdacarrier
Nombre del tipo de soporte volumen
Código Tipo de soporte nc
501 ## - NOTA DE “CON”
Nota de Contenido pasta dura
505 ## - NOTA DE CONTENIDO
Nota de contenido con formato preestablecido Volumen I: Animismo y Totemismo -- Religiones Griega y Romana. Volumen II: Hinduismo -- Budismo. Volumen III: Judaísmo -- Primer milenio del cristianismo -- Ortodoxia. Volumen IV: Protestantismo -- Catolicismo. Volumen V: Islamismo -- Taoísmo -- Confucianismo. Volumen VI: Shintoísmo -- Ateísmo -- Manifestaciones pararreligiosas
653 ## - TÉRMINO DE INDIZACIÓN - NO CONTROLADO
Término no controlado Religiones
942 ## - TIPO DE MATERIAL (KOHA)
Tipo de Item KOHA Libros General
945 ## - INFORMACIÓN LOCAL DEL REGISTRO
Catalogador Estudiante
Existencias
Estado de Material Estado de Perdido Forma de Clasificación Estado de Dañado No para Préstamo Colección Biblioteca de Origen Biblioteca Permanente Fecha de Adquisición Total de Préstamos Signatura Topográfica Código de Barras Última vez visto Ejemplar/Existencia Fecha de Remplazo Tipo de Material Tomo Última vez Préstado
    Dewey Decimal Classification     Colección de Referencia Biblioteca FUSBC Biblioteca FUSBC 25/09/2014   R 291 C415m 18601 12/12/2019 Vol.1, ej. 1 26/01/2016 Libros de Referencia    
    Dewey Decimal Classification     Colección de Referencia Biblioteca FUSBC Biblioteca FUSBC 25/09/2014   R 291 C415m 18606 12/12/2019 Vol. 6, ej. 1 26/01/2016 Libros de Referencia    
    Dewey Decimal Classification     Colección de Referencia Biblioteca FUSBC Biblioteca FUSBC 25/09/2014   R 291 C415m 18605 12/12/2019 Vol. 5, ej. 1 26/01/2016 Libros de Referencia    
    Dewey Decimal Classification     Colección de Referencia Biblioteca FUSBC Biblioteca FUSBC 25/09/2014 1 R 291 C415m 18604 12/12/2019 Vol. 4, ej, 1 26/01/2016 Libros de Referencia   21/04/2017
    Dewey Decimal Classification     Colección de Referencia Biblioteca FUSBC Biblioteca FUSBC 25/09/2014   R 291 C415m 18603 12/12/2019 Vol.3, ej. 1 26/01/2016 Libros de Referencia    
    Dewey Decimal Classification     Colección de Referencia Biblioteca FUSBC Biblioteca FUSBC 25/09/2014   R 291 C415m 18602 12/12/2019 Vol.2, ej. 1 26/01/2016 Libros de Referencia    

Biblioteca FUSBC | Teléfono: (57+4) 349 88 10 Ext. 141| WhatsApp (+57) 3005338115 
E-mail: biblioteca@unisbc.edu.co | Calle 76 87-14 Robledo Palenque, Medellín, Colombia

Con tecnología Koha